| 000 | 00498nam a22001812 4500 | ||
|---|---|---|---|
| 001 | 0000000977 | ||
| 005 | 20170406113029.0 | ||
| 008 | 131121s xx 000 0 eng d | ||
| 020 | _c$ | ||
| 040 |
_aYour Holding Symbol _cYour Holding Symbol |
||
| 100 | 1 | _aPaul ii john. | |
| 245 | 1 | 4 |
_aThe gospel of life : _bevangeliun vitae. |
| 250 | _a ed. | ||
| 260 |
_aVatican city : _bliberia editrice vaticana. |
||
| 300 |
_a189 p. ; _c cm. |
||
| 650 | 0 | _atheology. | |
| 908 | _a131121 | ||
| 999 |
_c896 _d896 |
||